000 00710nam a2200205 i 4500
001 64367
003 ES-MaACL
005 20230906165119.0
007 t|
008 031223s1982 sp ||||1| spa d
245 0 0 _aFlujo internacional de datos.
250 _a1ª ed.
260 _aMadrid :
_bPresidencia del Gobierno, Servicio Central de Informática,
_c1982.
300 _a66 p. ;
_c21 cm.
490 1 _aDocumentación Informática. Serie amarilla / Tratados internacionales
710 1 _aEspaña.
_bServicio Central de Informática.
_93973
830 0 _aDocumentación Informática. Serie amarilla / Tratados internacionales
_9218900
852 _aES-MaACL
_jL-5606
_bR.106077
999 _c64367
_d64367